000 00745nam a22001817a 4500
005 20251108165352.0
008 250721s1978 xx 000 0 ara d
082 1 4 _aم/016.00143/عرا
245 1 0 _aالأبحاث العلمية المنجزة في مؤسسة البحث العلمي :
_bقائمة بيبلوغرافية /
264 1 _aبغداد :
_bمؤسسة البحث العلمي-مركز التوثيق العلمي،
_c1978.
300 _a
500 _aالجزء الاول يتضمن الابحاث باللغة الانجليزية
650 1 7 _aالأبحاث
650 1 7 _aالببليوغرافيات
710 2 _aالعراق . مركز التوثيق العلمي
_eتايف
942 _2ddc
_cREF
999 _c26256
_d26256